Countries by Car Brand Logo - Statistics

General Stats
  • This quiz has been taken 82 times
  • The average score is 10 of 12
Answer Stats
Picture Answer % Correct
United States
99%
Germany
97%
France
94%
Italy
93%
Japan
91%
United Kingdom
90%
Sweden
84%
South Korea
81%
Russia
70%
Spain
67%
Czech Republic
65%
Romania
57%
No matching quizzes found
Score Distribution
Percent of People with Each Score
Percentile by Number Answered
Your Score History
You have not taken this quiz